Loreto College Library, Kolkata
WEBOPAC (ONLINE PUBLIC ACCESS CATALOGUE)

Satyajit Ray (Record no. 43832)

MARC details
000 -LEADER
fixed length control field 00585nam a22002057a 4500
005 - DATE AND TIME OF LATEST TRANSACTION
control field 20240729103712.0
008 - FIXED-LENGTH DATA ELEMENTS--GENERAL INFORMATION
fixed length control field 240729b |||||||| |||| 00| 0 eng d
020 ## - ISBN | অাই এস বি এন
ISBN | অাই এস বি এন 9789357738668
PRICE Rs.2000.00
040 ## - CATALOGING SOURCE
Original cataloging agency Loreto College
041 ## - LANGUAGE CODE
Language code English
082 ## - DDC | ডিউই
Classification number | বর্গসংখ্যা 791.43
Book Number | গ্রন্থাঙ্ক RAY-BAN
100 ## - MAIN ENTRY--PERSONAL NAME | মুখ্য সংলেখ - ব্যাক্তিনাম
Personal name | ব্যাক্তিনাম Banerjee, Tarapada
245 ## - TITLE STATEMENT | অাখ্যা বিবরণী
Title | অাখ্যা Satyajit Ray
Sub title | উপঅাখ্যা The maestro in black and white
Statement of responsibility | লেখকের দায়িত্বের বিবরণ Tarapada Banerjee
260 ## - IMPRINT | প্রকাশনা ক্ষেত্র
Place of publication | প্রকাশ স্থান Kolkata
Name of publisher | প্রকাশকের নাম Eastern Zonal Cultural Centre
Date of publication | প্রকাশ কাল 2022
300 ## - PHYSICAL DESCRIPTION |
Page / Vol. No | পৃষ্ঠা / খন্ড সংখ্যা 120p.
Other physical details | অনান্য বাহ্যিক বিবরণ 25cm.
650 ## - SUBJECT ADDED ENTRY--TOPICAL TERM | বিষয় শিরোনাম - মূল বিষয়
Topical term | মূল বিষয় Film studies
650 ## - SUBJECT ADDED ENTRY--TOPICAL TERM | বিষয় শিরোনাম - মূল বিষয়
Topical term | মূল বিষয় Photographs of Satyajit Ray
850 ## - HOLDING INSTITUTION
Holding institution LCLIB
942 ## - ADDED ENTRY ELEMENTS (KOHA)
Koha item type Books
Holdings
Withdrawn status Lost status Source of classification Damaged status Not for loan Home library Current library Date acquired Price Total Checkouts Full call number Accession No. Date last seen Price effective from Koha item type Coded location qualifier
    Dewey Decimal Classification     Loreto College Loreto College 29/07/2024 2000.00   791.43 RAY-BAN 54597 47977 29/07/2024 29/07/2024 Books